000 00692nam a2200241Ia 4500
003 OSt
005 20220925231930.0
006 a|||||r|||| 00| 0
007 ta
008 220923b |||||||| |||| 00| 0 eng d
020 _a0669924946
037 _cGeneral Book
040 _aRTL
_cRTL
_beng
041 _2eng
_aeng
082 _aX9:89Q1.73.N85, L4
100 _aAlmon Clopper
_9276721
245 0 _a1985
_b Interindustry forecast of the American economy
260 _aMassachusetts
_bLeington
_c1974
300 _axiii, 250p.
_ccm.
650 _aQuality Control
942 _hX9:89Q1.73.N85, L4
_cGB
_2CC
999 _c589817
_d589817